00521nam a2200193 a 4500001001300000003000900013005001700022008004100039020002300080082001900103100001600122245005400138260003800192300000900230500003500239505002300274650001400297700001600311nice12345678IN_TiNIC20260116014659.0091022s2009 newa grp 000 0 eng  a9780313357640c99500a303.62597bFAL aFalk, Avner aIslamic TerrorbConscious and Unconscious Motives aNew Delhi bPentagon Press c2009 a267p aincludes index and biblioraphy2 aIndex Bibliography aTerrorism1 aFalk, Avner